00355nam a2200145Ia 4500003000400000005001700004008004100021040000700062041000800069082001900077100001800096245005600114260003100170365000800201OSt20230529115021.0210423s1978 xx 000 0 und d cAL aeng a302.3 BERS223 aBERNE (Eric). aStructure and dynamics of organizations and groups. aCanadabBantam Booksc1978 cINR